| 000 | 00532nam a2200181 i 4500 | ||
|---|---|---|---|
| 001 | 63768 | ||
| 003 | ES-MaACL | ||
| 005 | 20250930063057.0 | ||
| 007 | t| | ||
| 008 | 031216s1930 po ||||1| por d | ||
| 100 | 1 |
_aFigueiredo, Fidelino de, _d1889-1967 _950746 |
|
| 245 | 1 | 0 |
_aHistoria d'um vencido da vida / _cFidelino de Figueiredo. |
| 250 | _aEd. illustrada. | ||
| 260 |
_aLisboa : _bAntonio María Pereira, _c1930. |
||
| 300 |
_a193 p., 17 lám. ; _c14 cm. |
||
| 852 |
_aES-MaACL _jA-4392 |
||
| 999 |
_c63768 _d63768 |
||